The animator's survival kit. [A manual of methods, principles and formulas for classical, computer, games, stop motion and internet animators]

Salvato in:
Dettagli Bibliografici
Autore principale: Williams, Richard (Autore)
Natura: Libro
Pubblicazione: London, England: Faber and Faber, 2001.
Soggetti:
Tags: Aggiungi Tag
Nessun Tag, puoi essere il primo ad aggiungerne!!

MARC

LEADER 00000nam a22000007a 4500
003 CL-VaPUC
005 20250321101926.0
008 250120t2001 ||||| |||| 00| 0 eng d
999 |c 446670  |d 446668 
020 |a 978-0-571-20228-7 
040 |c Pontificia Universidad Católica de Valparaíso 
082 |a 778.5347 WIL 2001 
100 |9 599830  |a Williams, Richard  |e author 
245 |a The animator's survival kit.  |b [A manual of methods, principles and formulas for classical, computer, games, stop motion and internet animators] 
260 |a London, England:  |b Faber and Faber,  |c 2001. 
300 |a 342 páginas:  |b ilustraciones. 
500 |a c.1. Instituto Arcos.08-01-2025. 
583 |c 20250120  |k Gabriela Rodríguez Cuevas 
650 0 |9 559979  |a Técnicas de dibujo  |x Dibujos animados  |v Guía práctica 
650 0 |9 609728  |a Cine de animación 
942 |2 ddc  |c BK  |n 0 
952 |0 0  |1 0  |2 ddc  |4 0  |6 778_534700000000000_WIL_2001  |7 0  |9 599575  |a BIBINC  |b BIBINC  |c GEN  |d 2025-01-20  |e Instituto Arcos  |i 5664397  |l 1  |o 778.5347 WIL 2001  |p 5664397  |r 2025-03-26  |s 2025-03-18  |t 1  |w 2025-01-20  |y BK  |k IFP